Diccionario hebreo/español (Record no. 11709)

MARC details
000 -LEADER
campo de control de longitud fija 00651nam a22002055i 4500
001 - NÚMERO DE CONTROL
campo de control 11709
003 - IDENTIFICADOR DE NÚMERO DE CONTROL
campo de control ES-MaACL
005 - FECHA Y HORA DE LA ÚLTIMA TRANSACCIÓN
campo de control 20230906150146.0
007 - CAMPO FIJO DE DESCRIPCIÓN FÍSICA--INFORMACIÓN GENERAL
campo de control de longitud fija t|
008 - DATOS DE LONGITUD FIJA--INFORMACIÓN GENERAL
campo de control de longitud fija 960313s1995 sp ||||0| spa j
020 ## - NÚMERO INTERNACIONAL ESTÁNDAR DEL LIBRO
Número Internacional Estándar del Libro 84-7213-128-9
040 ## - FUENTE DE CATALOGACIÓN
Centro catalogador/agencia de origen M-BN
Lengua de catalogación spa
Centro/agencia transcriptor M-BN
080 ## - NÚMERO DE LA CLASIFICACIÓN DECIMAL UNIVERSAL
Número de la Clasificación Decimal Universal 809.24-3=60
100 1# - ENTRADA PRINCIPAL--NOMBRE DE PERSONA
Nombre de persona Targarona Borrás, Judit.
9 (RLIN) 109286
245 10 - MENCIÓN DEL TÍTULO
Título Diccionario hebreo/español
Resto del título : bíblico, rabínico, medieval, moderno /
Mención de responsabilidad, etc. Judit Targarona Borrás.
260 ## - PUBLICACIÓN, DISTRIBUCIÓN, ETC.
Lugar de publicación, distribución, etc. Barcelona :
Nombre del editor, distribuidor, etc. Riopiedras,
Fecha de publicación, distribución, etc. D.L. 1995.
300 ## - DESCRIPCIÓN FÍSICA
Extensión XV, 1433 p ;
Dimensiones 24 cm.
650 14 - PUNTO DE ACCESO ADICIONAL DE MATERIA--TÉRMINO DE MATERIA
Término de materia o nombre geográfico como elemento de entrada Lengua hebrea-
Subdivisión de forma Diccionarios-
Subdivisión general Español.
9 (RLIN) 14259
852 ## - LOCALIZACIÓN
Ubicación ES-MaACL
Número de control de estantería L-18996
Sublocalización o colección R.125295
Holdings
Estatus retirado Estado de pérdida Estado de daño No para préstamo Colección Biblioteca de origen Biblioteca actual Ubicación en estantería Fecha de adquisición Fuente de adquisición Total de préstamos Signatura topográfica completa Código de barras Visto por última vez Precio de reemplazo Tipo de ítem Koha
        Colección de referencia Biblioteca del Ateneo de Madrid Biblioteca del Ateneo de Madrid Depósito 2 17/01/2008     L-18996 1011934 23/02/2023 23/02/2023 Libro impreso